El Bibliobús Montserrat es fa amic dels gegants : dossier per a les escoles : programa de foment de la lectura al bibliobús dossier per a les escoles :
Descripción Física:
11, [9] p. ; 30 cm
MARC
| LEADER | 00000nam a2200000Ia 4500 | ||
|---|---|---|---|
| 001 | 20920 | ||
| 008 | 160829s2007 xx 000 0 cat d | ||
| 080 | |a FU-23-26 | ||
| 245 | |a El Bibliobús Montserrat es fa amic dels gegants : |b dossier per a les escoles : |b programa de foment de la lectura al bibliobús | ||
| 260 | |a Barcelona : |b Diputació de Barcelona. Servei de Biblioteques, |c 2007 | ||
| 300 | |a 11, [9] p. ; |c 30 cm | ||
| 590 | |a A la coberta: Tardor 2007 | ||
| 610 | 1 | 0 | |a Bibliobús Montserrat |9 52659 |
| 650 | 0 | |a Bibliobusos |9 30563 |z Barcelona (Catalunya : Província) | |
| 650 | |a Lectura |x Animació |9 38731 | ||
| 710 | |9 4217 |a Barcelona (Catalunya : Província). |b Servei de Biblioteques | ||
| 901 | |a Arxiu | ||
| 942 | |n 1 |2 udc | ||
| 952 | |0 0 |1 0 |4 0 |6 FU2326 |7 1 |9 51717 |a Arxiu |b Arxiu |d 2016-12-01 |l 0 |o FU-23-26 |p 20920 |r 2016-12-01 00:00:00 |w 2016-12-01 |y ARXIU | ||
| 999 | |c 55563 |d 55563 | ||